000 00287nam a22001217a 4500
999 _c534290
_d534290
040 _cMSOHAIL
082 _a891.439301
100 _aMumtaz Mufti
_9370
245 _aGuddi ki Kahani / گڈی کی کہانی
260 _aLahore
_bAl-Faisal
_cc2006
300 _a207;p
942 _2ddc
_cBK